=LDR 00000nam 2200000 4500 =001 NUTBA000000000001316 =005 20250603014159 =035 ##$$a 0010-041400000000586 =008 250603################g##########0#ind## =082 ##$$a 028.5 =090 ##$$a 028.5 $b tau s =100 ##$$a Taufik Remington =245 1#$$a saat aku menghargai pendapat orang lain /$c Taufik Remington =260 ##$$a Jakarta :$b Sarana Ilmu Pustaka,$c 2012 =300 ##$$a iv, 70 hlm : $b ilus ; $c 21 x 15 cm =850 ##$$a NBPBMAT =020 ##$$a 978-602-8714-70-9 =084 ##$$a 028.5 TAU s =990 ##$$a 94610/BPAP-NTB/2014 =990 ##$$a 213053037 =990 ##$$a 08770877 =990 ##$$a 21305302 =990 ##$$a 94610/BPAP-NTB/2014 =990 ##$$a 213053037